| 000 | 00474nam a2200169Ia 4500 | ||
|---|---|---|---|
| 999 |
_c29963 _d29963 |
||
| 003 | OSt | ||
| 005 | 20210107090944.0 | ||
| 008 | 190216s9999||||xx |||||||||||||| ||und|| | ||
| 040 | _coclc | ||
| 082 |
_a894.812301 _bNAI/S |
||
| 100 |
_aNair, M R _98019 |
||
| 245 | 0 |
_aSanjayan Kathakal / _cM R Nair |
|
| 260 |
_bLipi Publications, _c2007. _aKozhikode: |
||
| 300 | _a143p | ||
| 650 | _aStories | ||
| 942 |
_cBK _2ddc _h894.812301 _iNAI/S _k894.812301 _mNAI/S |
||